| Tag |
First Indicator |
Second Indicator |
Subfields |
| LEADER |
00000cam a22000001a 4500 |
| 001 |
in00003200375 |
| 006 |
m d f |
| 007 |
cr bn mmmapmmp |
| 008 |
090922s1978 dcu ob f000 0 eng d |
| 005 |
20260504163230.1 |
| 035 |
|
|
|a cis2007443701
|
| 040 |
|
|
|a UMI
|c UMI
|d UtOrBLW
|
| 043 |
|
|
|a n-us---
|
| 074 |
|
|
|a 1019
|
| 086 |
0 |
|
|a Y 4.In 8/4:95-114
|
| 099 |
|
|
|a HRG-1978-FCH-0108
|
| 110 |
1 |
|
|a United States.
|b Congress.
|b House.
|b Committee on Interstate and Foreign Commerce.
|b Subcommittee on Health and the Environment.
|
| 245 |
1 |
0 |
|a Federal high-risk influenza immunization initiative, oversight :
|b hearing before the Subcommittee on Health and the Environment of the Committee on Interstate and Foreign Commerce, House of Representatives, Ninety-fifth Congress, second session, ... April 20, 1978.
|
| 264 |
|
1 |
|a Washington :
|b U.S. Govt. Print. Off,
|c 1978.
|
| 300 |
|
|
|a 1 online resource.
|
| 336 |
|
|
|a text
|b txt
|2 rdacontent
|
| 337 |
|
|
|a computer
|b c
|2 rdamedia
|
| 338 |
|
|
|a online resource
|b cr
|2 rdacarrier
|
| 490 |
0 |
|
|a Serial - House, Committee on Interstate and Foreign Commerce ;
|v no. 95-114
|
| 504 |
|
|
|a Includes bibliographical references.
|
| 538 |
|
|
|a System requirements: PDF reader software.
|
| 500 |
|
|
|a Electronic resource.
|
| 650 |
|
0 |
|a Influenza
|z United States
|x Vaccination.
|
| 655 |
|
7 |
|a Electronic books.
|2 local
|
| 710 |
2 |
|
|a ProQuest (Firm)
|
| 776 |
0 |
8 |
|i Print version:
|a United States. Congress. House. Committee on Interstate and Foreign Commerce. Subcommittee on Health and the Environment.
|t Federal high-risk influenza immunization initiative, oversight
|w (OCoLC)04367314
|w gp 79010502
|
| 776 |
0 |
8 |
|i Microfiche version:
|a United States. Congress. House. Committee on Interstate and Foreign Commerce. Subcommittee on Health and the Environment.
|t Federal high-risk influenza immunization initiative, oversight.
|d [Bethesda, Md.] : ProQuest,[2004]
|o CIS 78 H501-90
|w (ProQuest)cis07801036
|
| 830 |
|
0 |
|a U.S. Congressional Hearings.
|
| 856 |
4 |
0 |
|u http://proxy.library.tamu.edu/login?url=https://congressional.proquest.com/congcomp/getdoc?HEARING-ID=HRG-1978-FCH-0108
|z Connect to the full text of this electronic book
|t 0
|
| 998 |
|
|
|a cis07801036
|
| 999 |
|
|
|a MARS
|
| 999 |
f |
f |
|s 381257f9-8b3e-3101-998f-c290ff816572
|i 2812c790-a91e-33de-8ac8-8b88575268f5
|t 0
|
| 952 |
f |
f |
|a Texas A&M University
|b College Station
|c Electronic Resources
|s www_evans
|d Available Online
|t 0
|e HRG-1978-FCH-0108
|h Other scheme
|
| 998 |
f |
f |
|a HRG-1978-FCH-0108
|t 0
|l Available Online
|